000 00360pab a2200157 454500
008 180718b2011 xxu||||| |||| 00| 0 eng d
100 _aLal, Vinay
245 _aWorld history and its politics
260 _c2011
300 _ap.40-47.
362 _a12 Nov
650 _aHistory
773 _aEconomic and Political Weekly
908 _aN
909 _a94063
999 _c94063
_d94063